000 00379nam a2200133 4500
999 _c1397
_d1397
020 _a9988792964
050 _aHF 5635
_bG99
100 _aGyasi Kwame
245 _aAccounting for the Non Accountant Manager
260 _aLegon, Ghana
_bKwabotwe Hill
_c2013
300 _axxiii, 271 pg
505 _aIntroduction Financial Accounting Management Accounting Auditing
942 _cBK